💯 Most given Baby Boy 👦 names in France 🇫🇷 in 1993 - Statistics

General Stats
  • This quiz has been taken 138 times
  • The average score is 38 of 100
Answer Stats
Order Name % Correct
#16 Pierre
89%
#68 Jean
86%
#27 Paul
84%
#30 Lucas
83%
#91 Marc
80%
#47 Louis
78%
#2 Thomas
78%
#26 David
72%
#63 Charles
70%
#76 Olivier
70%
#78 Samuel
69%
#79 Léo
68%
#3 Alexandre
67%
#46 Victor
67%
#69 William
65%
#6 Julien
64%
#50 François
63%
#13 Antoine
62%
#20 Vincent
62%
#100 Kévin
60%
#1 Kevin
60%
#4 Nicolas
60%
#59 Théo
60%
#95 Gabriel
59%
#14 Benjamin
58%
#65 Christophe
58%
#85 Martin
58%
#42 Hugo
57%
#94 Michael
57%
#45 Arthur
54%
#32 Simon
54%
#99 Tom
49%
#11 Guillaume
48%
#84 Xavier
47%
#90 Laurent
44%
#24 Sébastien
44%
#23 Adrien
42%
#86 Frédéric
41%
#21 Mathieu
41%
#5 Maxime
41%
#93 Emmanuel
40%
#22 Jonathan
40%
#17 Clément
38%
#25 Damien
38%
#31 Matthieu
37%
#53 Raphaël
37%
#77 Stéphane
37%
#19 Valentin
37%
#12 Quentin
36%
#8 Anthony
35%
#15 Jérémy
35%
#9 Romain
33%
#75 Yann
33%
#81 Etienne
32%
#18 Alexis
31%
#44 Fabien
31%
#57 Jérôme
31%
#10 Florian
30%
#67 Mohamed
30%
#35 Baptiste
28%
#98 Mathias
28%
#89 Grégory
27%
#7 Jordan
23%
#49 Bastien
22%
#41 Cédric
22%
#52 Dylan
22%
#92 Franck
22%
#54 Robin
22%
#39 Thibault
22%
#34 Arnaud
21%
#58 Axel
21%
#43 Benoît
21%
#37 Corentin
21%
#56 Florent
21%
#28 Loïc
21%
#38 Christopher
20%
#40 Steven
20%
#74 Jason
19%
#87 Maxence
19%
#88 Tristan
19%
#36 Aurélien
17%
#71 Rémy
17%
#55 Cyril
16%
#33 Rémi
16%
#83 Tony
15%
#97 Johan
12%
#48 Ludovic
12%
#60 Sylvain
11%
#96 Bryan
10%
#64 Dimitri
9%
#51 Gaëtan
9%
#80 Morgan
7%
#72 Yoann
7%
#66 Geoffrey
6%
#62 Mehdi
6%
#29 Mickael
6%
#61 Thibaut
6%
#82 Jean-Baptiste
5%
#73 Jordy
2%
#70 Jimmy
1%
No matching quizzes found
Score Distribution
Percent of People with Each Score
Percentile by Number Answered
Your Score History
You have not taken this quiz